FIND THE TRILOGIES #BOOKTOK - Statistics

General Stats
  • This quiz has been taken 240 times
    100 since last reset
  • The average score is 5 of 11
Answers on the Grid
Answers color-coded by a green-red scale on the quiz's grid according to % correct below.
Crescent City
Shatter Me
Red, White & Royal Blue
Red Queen
A Court of Thorns and Roses
A Good Girl's Guide to Murder
Caraval
Beach Read
The Cruel Prince
Kingdom of the Wicked
Divergent
Throne of Glass
Twisted
The hunger games
Once upon a broken heart
The Inheritance Cycle
The Lord of the Rings
From Blood and Ash
The Love Hypothesis
The Seven Husbands of Evelyn Hugo
 
Answer Stats
Answer % Correct
Caraval
69%
The Cruel Prince
69%
Once upon a broken heart
66%
A Good Girl's Guide to Murder
63%
Crescent City
53%
Divergent
51%
The hunger games
51%
The Lord of the Rings
31%
Red Queen
23%
Kingdom of the Wicked
19%
From Blood and Ash
11%
No matching quizzes found
Score Distribution
Percent of People with Each Score
Percentile by Number Answered
Your Score History
You have not taken this quiz since the last reset